000 00299nam a22001337a 4500
008 181001b xxu||||| |||| 00| 0 eng d
020 _a0324016611
041 _aeng
080 _28 ed
_a341
100 _a16
101 _aJUR
245 _aWests Business Law
_c Clarkson.K.W
942 _2udc
_cBK
999 _c48721
_d48721